| 000 | 00620 a2200181 4500 | ||
|---|---|---|---|
| 999 |
_c4362 _d4362 |
||
| 010 | _aENG-86252 | ||
| 020 |
_a9788120331273 _c350.00 |
||
| 035 | _aEN-69785 | ||
| 037 | _bDBAD / PUB | ||
| 082 | 1 | 4 | _a658.5 |
| 100 | _aCarreira, Bill | ||
| 245 | 1 |
_aLean manufacturing that works : _cby Bill Carreira _bPowerful tools for dramatically reducing waste and maximizing profits / |
|
| 260 |
_aNew Delhi _bPrentice-Hall of India _c2007 |
||
| 270 |
_aM-97, Connaught Circus _bNew Delhi _cNew Delhi _e110 001 |
||
| 300 |
_avi, 295p. _c24cm. (Pbk) |
||
| 500 | _aIncludes index | ||
| 942 |
_adpl _cEN _2ddc _h658.5 _mCAR |
||